01927cam a22001937a 450000500170000000800410001704000600005808200140011810000340013224203150016624503030048126001040078430000360088850006310092450500880155550600210164354600210166465000480168520170829150123.0020528s1531 fr a r 001 0 lat d aEQOcSandra Yazo (modificó)dSandra Yazo (modificó)04220a262.91 aPietrocd'Ancaranod1330-141600aPedro de Ancarano sobre el Sexto de las Decretales.bPetri Ancharano Jurium Pontificii atque Cesarei interpretis clarissimi Commentaria in Sextum Decretalium: una cum Summariis et Adnotationibus complurium doctissimorum Jureconsultorum: ea iam recens fide excusa ut nihil hactenus evulgatorum desideretur.yspa10aPetrus de Ancharano Super sexto Decretalium.bPetri Ancharano Jurium Pontificii atque Cesarei interpretis clarissimi Commentaria in Sextum Decretalium: una cum Summariis et Adnotationibus complurium doctissimorum Jureconsultorum: ea iam recens fide excusa ut nihil hactenus evulgatorum desideretur. aLugduni [Lyon] (Francia)bEx officina Joannis de Cambray [En los talleres de Juan de Cambray]c1531 accxvii, [5] foliosc43 x 29 cm. aDetalles físicos: Encuadernación rígida en cartón forrado en piel, tapas con decorados geométricos repujados al fuego, raspaduras, daño en bordes y esquinas. Lomo con nervaduras. Conserva parcialmente las guardas. Portada impresa en dos tintas, texto en forma de base de lámpara, enmarcada en orla decorativa y con el emblema del impresor. Texto impreso en dos columnas y caracteres góticos, sobre papel grueso. Mayúsculas capitales. En algunos casos, apostillas impresas. Párrafos marcados con números. Signaturas. Colofón. Portada con firma. Perteneció a la biblioteca de Fray Cristóbal de Torres2 aLibro sexto de las Decretales (Comentarios) -- Las Normas del Derecho (Comentarios) aConsulta en sala aTexto en latín 7aDerecho canónicoxObras anteriores a 1800